00716nam a2200169 a 450000100100000000500170001000800410002704000250006811001150009324500490020826000320025730000210028971000440031071000700035495201050042499900170052900004503120201002045823.0150129s1984 sp 000 0 spa d aDO-SdBNPbspacBNPHU1 aEspañabOficina Internacional del TrabajobConfederación Española de Organizaciones Empresariales97303310aComunicacion y organizaciones empresariales. aMadrid. :bO.I.T.bC.E.O.E. a119 p. ;c24 cm.1 aOficina Internacional del Trabajo978791 aConfederación Española de Organizaciones Empresariales973034 001050718MOaGRbGRcCTd2015-01-29iLF1l0o p45031-10r2020-06-25w2020-06-25y1ZNo se presta c44520d44520